000
00252nam a22001217a 4500
040
_c
SK
082
_a
639
100
_a
GARY A.
245
_a
physiology of fish in intensive culture systems
260
_a
ITP
_b
GAR
_c
1996
300
_a
231p.
942
_c
EK
999
_c
8902
_d
8902